[Event "V Abierto Internacional Ayunta"]
[Site "?"]
[Date "2007.08.31"]
[Round "7.5"]
[White "Ivanov, Jordan"]
[Black "Llorente Zaro, Alfonso"]
[Result "1-0"]
[WhiteElo "2382"]
[BlackElo "2422"]
[PlyCount "89"]
[EventDate "2007.08.25"]

1. d4 Nf6 2. c4 d6 3. Nf3 g6 4. Nc3 Bf5 5. Nh4 Bd7 6. e4 e5 7. Nf3 exd4 8. Nxd4
Bg7 9. Be2 O-O 10. O-O Re8 11. f3 Nc6 12. Be3 Nh5 13. Nxc6 Bxc6 14. Qd2 f5 15.
exf5 Qh4 16. g4 gxf5 17. Nd5 Rxe3 18. Qxe3 Re8 19. Qf2 Qxf2+ 20. Rxf2 Bxd5 21.
cxd5 Nf4 22. Bc4 Re3 23. Rd2 Rxf3 24. gxf5 Bh6 25. Kh1 Kf7 26. Rf1 Rxf1+ 27.
Bxf1 Kf6 28. Rc2 Nxd5 29. Bg2 Nb4 30. Rxc7 Nxa2 31. Rxb7 a5 32. Rxh7 Bc1 33.
Rc7 Be3 34. Bd5 Nb4 35. Rf7+ Kg5 36. Be6 d5 37. Rf8 d4 38. f6 d3 39. f7 Bc5 40.
Rg8+ Kf6 41. Bb3 a4 42. f8=Q+ Bxf8 43. Rxf8+ Kg7 44. Rg8+ Kh7 45. Rg4 1-0

[Event "V Abierto Internacional Ayunta"]
[Site "?"]
[Date "2007.08.31"]
[Round "7.6"]
[White "Garcia Castro, Pablo"]
[Black "Astaneh Lopez, Alex"]
[Result "1/2-1/2"]
[WhiteElo "2405"]
[BlackElo "2337"]
[PlyCount "74"]
[EventDate "2007.08.25"]

1. e4 c5 2. d3 Nc6 3. g3 d5 4. Nd2 Nf6 5. Bg2 e5 6. Ngf3 dxe4 7. dxe4 Be7 8.
O-O O-O 9. a4 Qc7 10. c3 Rd8 11. Qc2 b6 12. Re1 Ba6 13. Bf1 Bxf1 14. Nxf1 h6
15. Ne3 Rd7 16. Nd2 Bf8 17. Ndc4 Rad8 18. h4 a6 19. a5 b5 20. Nb6 Rd6 21. Nbd5
Nxd5 22. Nxd5 Qc8 23. Be3 Qh3 24. Bxc5 Rxd5 25. exd5 Bxc5 26. dxc6 Qxg3+ 27.
Kf1 Qh3+ 28. Ke2 Qg4+ 29. Kf1 Qh3+ 30. Ke2 Qxh4 31. Qf5 g6 32. Rg1 Bxf2 33. Rg4
Qh2 34. Rxg6+ Kf8 35. Qf3 Bg3+ 36. Kf1 Qh3+ 37. Ke2 Qh2+ 1/2-1/2

[Event "V Abierto Internacional Ayunta"]
[Site "?"]
[Date "2007.08.31"]
[Round "7.7"]
[White "Samolins, Vitalijs"]
[Black "Khamrakulov, Dzhurabek"]
[Result "0-1"]
[WhiteElo "2319"]
[BlackElo "2322"]
[PlyCount "42"]
[EventDate "2007.08.25"]

1. e4 e6 2. d3 d5 3. Nd2 Nf6 4. Ngf3 b6 5. e5 Nfd7 6. d4 c5 7. c3 Be7 8. Bd3
Ba6 9. Bxa6 Nxa6 10. Qe2 Qc8 11. a3 c4 12. Nf1 h6 13. Ng3 b5 14. O-O Nc7 15. h4
a5 16. h5 b4 17. axb4 axb4 18. Bd2 O-O 19. Nh2 Qb7 20. f4 Rxa1 21. Rxa1 Ra8 0-1

[Event "V Abierto Internacional Ayunta"]
[Site "?"]
[Date "2007.08.31"]
[Round "7.8"]
[White "Iotov, Valentin"]
[Black "Senlle Caride, Miguel"]
[Result "1-0"]
[WhiteElo "2502"]
[BlackElo "2179"]
[PlyCount "53"]
[EventDate "2007.08.25"]

1. c4 Nf6 2. d4 e5 3. dxe5 Ng4 4. Bf4 Bb4+ 5. Nd2 d6 6. exd6 Qf6 7. e3 Qxb2 8.
Ngf3 cxd6 9. Rb1 Qa3 10. Qb3 Qxb3 11. Rxb3 Nc6 12. Be2 Be6 13. O-O Nge5 14.
Rfb1 Bxd2 15. Nxd2 b6 16. Rd1 Ke7 17. Rc3 Rac8 18. Nb3 Rhd8 19. Bg3 Na5 20.
Nxa5 bxa5 21. c5 f6 22. f4 Nf7 23. c6 Rc7 24. Be1 Rdc8 25. Ba6 Rb8 26. Rcc1 Nd8
27. Bxa5 1-0

[Event "V Abierto Internacional Ayunta"]
[Site "?"]
[Date "2007.08.31"]
[Round "7.9"]
[White "Larino Nieto, David"]
[Black "Santaclara Rodriguez, Ramon"]
[Result "1-0"]
[WhiteElo "2435"]
[BlackElo "2174"]
[PlyCount "51"]
[EventDate "2007.08.25"]

1. e4 c5 2. Nc3 Nc6 3. g3 g6 4. Bg2 Bg7 5. d3 d6 6. f4 e6 7. Nf3 Nge7 8. O-O
O-O 9. Be3 Nd4 10. Bf2 Nec6 11. e5 Nxf3+ 12. Qxf3 Nd4 13. Qd1 dxe5 14. fxe5
Bxe5 15. Ne4 f5 16. Nxc5 Qc7 17. b4 Bg7 18. c3 Nb5 19. Rc1 Nxc3 20. Qd2 Qe5 21.
Rfe1 Qf6 22. Nb3 Nd5 23. Bxd5 exd5 24. Rc7 Qb2 25. Ree7 Bf6 26. Qh6 1-0

[Event "V Abierto Internacional Ayunta"]
[Site "?"]
[Date "2007.08.31"]
[Round "7.10"]
[White "Dominguez Fernandez, Santiago"]
[Black "Rodriguez Lopez, Rafael"]
[Result "0-1"]
[WhiteElo "1956"]
[BlackElo "2292"]
[PlyCount "96"]
[EventDate "2007.08.25"]

1. e4 c5 2. Nf3 e6 3. d4 cxd4 4. Nxd4 Nc6 5. Nc3 a6 6. Nxc6 bxc6 7. Bd3 d6 8.
O-O Nf6 9. Kh1 Be7 10. Be3 O-O 11. f4 Qc7 12. Qf3 Bb7 13. Qg3 Nd7 14. f5 Bf6
15. Qh3 e5 16. Bc4 Nb6 17. Bb3 a5 18. a3 Ba6 19. Rf3 Nc4 20. Bxc4 Bxc4 21. b3
Ba6 22. g4 Qe7 23. g5 Bxg5 24. Bxg5 Qxg5 25. Rg1 Qf6 26. Rfg3 g6 27. Qh5 Kh8
28. Qh6 Rg8 29. Rh3 Rg7 30. Qe3 gxf5 31. Rxg7 Qxg7 32. exf5 Bb7 33. Ne4 c5 34.
Rg3 Qf6 35. Kg1 Bxe4 36. Qxe4 Rg8 37. Rxg8+ Kxg8 38. Qa8+ Kg7 39. Qg2+ Kh6 40.
Qh3+ Kg5 41. Qxh7 e4 42. Qg8+ Kxf5 43. Qc8+ Kf4 44. Qh3 Qd4+ 45. Kg2 Qd2+ 46.
Kg1 Qe3+ 47. Qxe3+ Kxe3 48. h3 Kd2 0-1

[Event "V Abierto Internacional Ayunta"]
[Site "?"]
[Date "2007.08.30"]
[Round "6.1"]
[White "Starostits, Ilmars"]
[Black "Frois, Antonio"]
[Result "1/2-1/2"]
[WhiteElo "2497"]
[BlackElo "2342"]
[PlyCount "94"]
[EventDate "2007.08.25"]

1. e4 d6 2. d4 Nf6 3. Nc3 e5 4. Nf3 Nbd7 5. Bc4 Be7 6. O-O O-O 7. a4 c6 8. Re1
a5 9. h3 exd4 10. Nxd4 Re8 11. g4 d5 12. exd5 Nb6 13. Bb3 Nfxd5 14. Nxd5 Nxd5
15. c3 Bf6 16. Bd2 Bxd4 17. Rxe8+ Qxe8 18. cxd4 Qe4 19. Qe1 Qxe1+ 20. Rxe1 Be6
21. Bxd5 cxd5 22. Rc1 Rc8 23. Rxc8+ Bxc8 24. Bxa5 Bd7 25. b3 b5 26. axb5 Bxb5
27. Kg2 Be2 28. Kg3 Bd1 29. b4 Be2 30. g5 f6 31. Kf4 Kf7 32. h4 Ke6 33. h5 Bxh5
34. b5 Be8 35. gxf6 Kxf6 36. Bd8+ Ke6 37. b6 Bc6 38. Kg5 Bb7 39. Bc7 Bc8 40.
Be5 Kf7 41. Kf4 h6 42. Ke3 g5 43. Kd3 Ke6 44. Kc3 h5 45. Kb4 g4 46. Kc5 Bb7 47.
Bg3 Ba8 1/2-1/2

[Event "V Abierto Internacional Ayunta"]
[Site "?"]
[Date "2007.08.30"]
[Round "6.2"]
[White "Llorente Zaro, Alfonso"]
[Black "Manolache, Marius"]
[Result "1/2-1/2"]
[WhiteElo "2422"]
[BlackElo "2528"]
[PlyCount "85"]
[EventDate "2007.08.25"]

1. c4 Nf6 2. g3 e5 3. Bg2 Bc5 4. Nc3 O-O 5. e3 d6 6. Nf3 Re8 7. O-O c6 8. d4
exd4 9. Nxd4 Bb4 10. Nde2 Bg4 11. Qc2 Nbd7 12. h3 Be6 13. b3 d5 14. cxd5 cxd5
15. Bb2 Rc8 16. Rac1 Qa5 17. Qb1 Rc5 18. Qa1 Qa6 19. Nf4 Ba3 20. Rfd1 Bxb2 21.
Qxb2 Qd6 22. b4 Rc6 23. Ncxd5 Nxd5 24. Nxd5 Rxc1 25. Qxc1 Qe5 26. Qc7 Qb2 27.
Nf4 Nf6 28. Nxe6 fxe6 29. Qc4 b6 30. f4 Kh8 31. e4 e5 32. f5 h5 33. b5 Qa3 34.
Rd3 Qe7 35. Qc6 Rd8 36. Rxd8+ Qxd8 37. Qe6 Qd4+ 38. Kh2 Kh7 39. Qf7 Qf2 40. a4
h4 41. g4 Qg3+ 42. Kh1 Qe1+ 43. Kh2 1/2-1/2

[Event "V Abierto Internacional Ayunta"]
[Site "?"]
[Date "2007.08.30"]
[Round "6.3"]
[White "Barsov, Alexei"]
[Black "Garcia Castro, Pablo"]
[Result "1/2-1/2"]
[WhiteElo "2517"]
[BlackElo "2405"]
[PlyCount "55"]
[EventDate "2007.08.25"]

1. d4 Nf6 2. Nf3 c5 3. d5 d6 4. Nc3 g6 5. h3 Na6 6. e4 Nc7 7. a4 Bg7 8. Bf4 O-O
9. Bc4 b6 10. O-O a6 11. e5 Nh5 12. Bh2 f5 13. Rb1 f4 14. b4 b5 15. axb5 axb5
16. Nxb5 Nxb5 17. Bxb5 cxb4 18. Re1 Qa5 19. Bc6 Rb8 20. exd6 exd6 21. Ng5 Bc3
22. Re2 Qb6 23. Ne4 Be5 24. c3 Bf5 25. Rxb4 Qa7 26. Ra4 Qb6 27. Rb4 Qa7 28. Ra4
1/2-1/2

[Event "V Abierto Internacional Ayunta"]
[Site "?"]
[Date "2007.08.30"]
[Round "6.4"]
[White "Perez Fungueiro, Manuel A"]
[Black "Reinaldo Castineira, Roi"]
[Result "0-1"]
[WhiteElo "2234"]
[BlackElo "2458"]
[PlyCount "64"]
[EventDate "2007.08.25"]

1. c4 e5 2. g3 Nc6 3. Bg2 Bc5 4. Nc3 d6 5. Na4 Nge7 6. Nf3 Bf5 7. O-O Qd7 8. a3
a5 9. b4 Ba7 10. b5 Nd8 11. d4 f6 12. dxe5 fxe5 13. e4 Bg4 14. h3 Bh5 15. Be3
Bxe3 16. fxe3 b6 17. Qd3 Ne6 18. g4 Bg6 19. Rad1 Rd8 20. Qc3 Qc8 21. Nh4 Bf7
22. Nf5 h5 23. Nxb6 cxb6 24. Nxd6+ Rxd6 25. Rxd6 Qc5 26. Rd5 Qc7 27. Rxe5 hxg4
28. hxg4 Rh4 29. Ref5 Qh2+ 30. Kf2 Rxg4 31. Rg1 Nxf5 32. exf5 Ng5 0-1

[Event "V Abierto Internacional Ayunta"]
[Site "?"]
[Date "2007.08.30"]
[Round "6.5"]
[White "Llaneza Vega, Marcos"]
[Black "Samolins, Vitalijs"]
[Result "1-0"]
[WhiteElo "2438"]
[BlackElo "2319"]
[PlyCount "43"]
[EventDate "2007.08.25"]

1. e4 e5 2. Nf3 Nc6 3. Bb5 a6 4. Ba4 g6 5. d4 exd4 6. c3 d3 7. Bg5 f6 8. Be3
Bg7 9. h4 h6 10. Qxd3 Nge7 11. Bb3 d6 12. Nbd2 Ne5 13. Nxe5 fxe5 14. O-O-O Nc6
15. f4 Qe7 16. f5 gxf5 17. exf5 Bd7 18. f6 Bxf6 19. Qg6+ Kd8 20. Rdf1 Bxh4 21.
Rf7 Be8 22. Rxe7 1-0

[Event "V Abierto Internacional Ayunta"]
[Site "?"]
[Date "2007.08.30"]
[Round "6.6"]
[White "Khamrakulov, Dzhurabek"]
[Black "Ivanov, Jordan"]
[Result "1/2-1/2"]
[WhiteElo "2322"]
[BlackElo "2382"]
[PlyCount "94"]
[EventDate "2007.08.25"]

1. e4 c5 2. Nf3 e6 3. d4 cxd4 4. Nxd4 Nc6 5. Nc3 Qc7 6. Be2 a6 7. Be3 Nf6 8. a3
Be7 9. f4 d6 10. Nb3 O-O 11. g4 d5 12. e5 Ne4 13. Nxe4 dxe4 14. O-O f6 15. exf6
Bxf6 16. c3 Ne7 17. Qc2 Nd5 18. Qxe4 Be7 19. Bd3 Nf6 20. Qc4 Qxc4 21. Bxc4 Nxg4
22. Bb6 Bd6 23. h3 Nf6 24. f5 Nd5 25. fxe6 Bxe6 26. Nd4 Nxb6 27. Bxe6+ Kh8 28.
Rae1 Rad8 29. Kg2 g6 30. b4 Na4 31. c4 Rxf1 32. Rxf1 Be5 33. Nf3 Bf6 34. h4 Kg7
35. Bd5 Rd7 36. Ng5 Bxg5 37. hxg5 Nb6 38. Be6 Re7 39. Rf6 h6 40. Bd5 Nxd5 41.
cxd5 hxg5 42. Rd6 g4 43. Kg3 Re3+ 44. Kxg4 Rxa3 45. Rb6 Rd3 46. Rxb7+ Kf6 47.
Rb6+ Ke5 1/2-1/2

[Event "V Abierto Internacional Ayunta"]
[Site "?"]
[Date "2007.08.30"]
[Round "6.7"]
[White "Rodriguez Lopez, Rafael"]
[Black "Iotov, Valentin"]
[Result "1/2-1/2"]
[WhiteElo "2292"]
[BlackElo "2502"]
[PlyCount "94"]
[EventDate "2007.08.25"]

1. d4 Nf6 2. Nf3 e6 3. g3 b5 4. Bg2 Bb7 5. O-O c5 6. c3 Nc6 7. Bg5 d5 8. Nbd2
Be7 9. dxc5 Bxc5 10. e4 dxe4 11. Bxf6 gxf6 12. Nxe4 Qxd1 13. Rfxd1 Be7 14. Nd6+
Bxd6 15. Rxd6 Ke7 16. Rad1 Rhd8 17. Rxd8 Nxd8 18. Nd4 Rb8 19. Bxb7 Rxb7 20. Kf1
f5 21. Ke2 Rb6 22. b3 Nb7 23. f3 Nd6 24. Kd3 Ra6 25. Rd2 e5 26. Ne2 Ke6 27. Ke3
Rc6 28. Rd1 a5 29. Kd3 h5 30. Kc2 Rc8 31. Re1 Kd7 32. Ra1 h4 33. a4 b4 34. c4
hxg3 35. hxg3 Rh8 36. Rd1 Rh2 37. Kd3 Kc6 38. Ke3 Nb7 39. Rd5 f6 40. f4 exf4+
41. gxf4 Rh3+ 42. Kd2 Nc5 43. Nd4+ Kb6 44. Rd6+ Kb7 45. Rd5 Kb6 46. Rd6+ Kb7
47. Rd5 Kb8 1/2-1/2

[Event "V Abierto Internacional Ayunta"]
[Site "?"]
[Date "2007.08.30"]
[Round "6.8"]
[White "Rivera, Daniel"]
[Black "Lorenzo Fernandez, E."]
[Result "1-0"]
[WhiteElo "2340"]
[BlackElo "1827"]
[PlyCount "43"]
[EventDate "2007.08.25"]

1. e4 c5 2. Nc3 Nc6 3. Nf3 d6 4. d4 cxd4 5. Nxd4 Nf6 6. Be2 g6 7. Nb3 Bg7 8. g4
a6 9. g5 Nd7 10. a4 Nc5 11. Nxc5 dxc5 12. Qxd8+ Nxd8 13. Nd5 Ne6 14. c3 Kd8 15.
Be3 Rb8 16. O-O-O b5 17. axb5 axb5 18. f4 Bd7 19. f5 gxf5 20. exf5 Nc7 21. Nxc7
Kxc7 22. Bf4+ 1-0

[Event "V Abierto Internacional Ayunta"]
[Site "?"]
[Date "2007.08.30"]
[Round "6.9"]
[White "Astaneh Lopez, Alex"]
[Black "Berbatov, Kiprian"]
[Result "1-0"]
[WhiteElo "2337"]
[BlackElo "2096"]
[PlyCount "41"]
[EventDate "2007.08.25"]

1. Nf3 Nf6 2. g3 g6 3. Bg2 Bg7 4. O-O O-O 5. c4 d6 6. Nc3 e5 7. d3 Nc6 8. h3
Nh5 9. e4 f5 10. exf5 gxf5 11. Nxe5 Nxe5 12. Qxh5 Nxd3 13. Bg5 Qe8 14. Qxe8
Rxe8 15. Nd5 Re2 16. Nxc7 Rb8 17. Rad1 Nxb2 18. Rxd6 Be5 19. Bd5+ Kf8 20. Rd8+
Kg7 21. Rg8# 1-0

[Event "V Abierto Internacional Ayunta"]
[Site "?"]
[Date "2007.08.30"]
[Round "6.10"]
[White "Salgado Gonzalez, Julio"]
[Black "Recuero Guerra, Javier"]
[Result "0-1"]
[WhiteElo "1967"]
[BlackElo "2312"]
[PlyCount "67"]
[EventDate "2007.08.25"]

1. d4 d6 2. Nf3 Nd7 3. e4 e5 4. dxe5 dxe5 5. Bc4 c6 6. O-O Be7 7. h3 Ngf6 8.
Qe2 O-O 9. Nc3 b5 10. Bb3 a5 11. a3 Qc7 12. Bg5 Ba6 13. Bxf6 Bxf6 14. Nd1 Nc5
15. Qe3 Be7 16. Re1 Bc8 17. Ba2 Ne6 18. Qc3 Bd6 19. Ne3 g6 20. Ng4 f6 21. Qd2
h5 22. Ngh2 Kg7 23. Bxe6 Bxe6 24. g4 hxg4 25. hxg4 Rh8 26. Rad1 Rad8 27. Qe3
Rh7 28. Rd2 Rdh8 29. Red1 Be7 30. c3 g5 31. b3 Qc8 32. Qa7 Kg6 33. Rd7 Bxd7 34.
Rxd7 0-1

[Event "V Abierto Internacional Ayunta"]
[Site "?"]
[Date "2007.08.29"]
[Round "5.1"]
[White "Manolache, Marius"]
[Black "Starostits, Ilmars"]
[Result "1/2-1/2"]
[WhiteElo "2528"]
[BlackElo "2497"]
[PlyCount "25"]
[EventDate "2007.08.25"]

1. Nf3 b6 2. d4 e6 3. e4 Bb7 4. Bd3 d6 5. O-O Nd7 6. a4 a5 7. Nc3 Ne7 8. e5
dxe5 9. Nxe5 Nxe5 10. dxe5 Nd5 11. Nxd5 Qxd5 12. Bb5+ c6 13. Qxd5 1/2-1/2

[Event "V Abierto Internacional Ayunta"]
[Site "?"]
[Date "2007.08.29"]
[Round "5.2"]
[White "Reinaldo Castineira, Roi"]
[Black "Khamrakulov, Dzhurabek"]
[Result "1/2-1/2"]
[WhiteElo "2458"]
[BlackElo "2322"]
[PlyCount "26"]
[EventDate "2007.08.25"]

1. e4 e6 2. d3 d5 3. Qe2 c5 4. Nf3 Nc6 5. g3 Be7 6. Bg2 Nf6 7. O-O O-O 8. e5
Nd7 9. c4 Re8 10. Nc3 d4 11. Ne4 Ncxe5 12. Nxe5 Nxe5 13. Nxc5 Nc6 1/2-1/2

[Event "V Abierto Internacional Ayunta"]
[Site "?"]
[Date "2007.08.29"]
[Round "5.3"]
[White "Ivanov, Jordan"]
[Black "Llaneza Vega, Marcos"]
[Result "1/2-1/2"]
[WhiteElo "2382"]
[BlackElo "2438"]
[PlyCount "33"]
[EventDate "2007.08.25"]

1. d4 Nf6 2. c4 g6 3. Nc3 d5 4. cxd5 Nxd5 5. e4 Nxc3 6. bxc3 Bg7 7. Bc4 O-O 8.
Ne2 c5 9. O-O Nc6 10. Be3 Bd7 11. Rb1 Rc8 12. dxc5 Na5 13. Bd5 Qc7 14. Bf4 Qxc5
15. Be3 Qc7 16. Bxa7 b5 17. Bd4 1/2-1/2

[Event "V Abierto Internacional Ayunta"]
[Site "?"]
[Date "2007.08.29"]
[Round "5.4"]
[White "Frois, Antonio"]
[Black "Larino Nieto, David"]
[Result "1-0"]
[WhiteElo "2342"]
[BlackElo "2435"]
[PlyCount "53"]
[EventDate "2007.08.25"]

1. Nf3 Nf6 2. c4 e6 3. g3 b5 4. cxb5 a6 5. bxa6 Nxa6 6. Bg2 Bb7 7. O-O c5 8. b3
Be7 9. Bb2 d6 10. d4 cxd4 11. Nxd4 Bxg2 12. Kxg2 Qb6 13. Nc3 h5 14. Qd3 Nd7 15.
Rfd1 Rb8 16. Rac1 Nac5 17. Qb5 Qd8 18. Qc6 Rb6 19. Qf3 Ne5 20. Qe3 h4 21. Nf3
Qa8 22. Na4 h3+ 23. Kh1 Nxa4 24. Bxe5 dxe5 25. bxa4 Ra6 26. Rc7 Bf6 27. Qc5 1-0

[Event "V Abierto Internacional Ayunta"]
[Site "?"]
[Date "2007.08.29"]
[Round "5.5"]
[White "Tallarico Tallarico, Ovido M"]
[Black "Barsov, Alexei"]
[Result "1-0"]
[WhiteElo "2195"]
[BlackElo "2517"]
[PlyCount "79"]
[EventDate "2007.08.25"]

1. Nf3 d5 2. b3 Bg4 3. Bb2 Nd7 4. d4 Bxf3 5. exf3 g6 6. c4 Bg7 7. Nc3 dxc4 8.
bxc4 e6 9. Qd2 Ne7 10. d5 exd5 11. Nxd5 Bxb2 12. Qxb2 O-O 13. Rd1 Nxd5 14. Rxd5
Qf6 15. Qxf6 Nxf6 16. Rd2 Rfd8 17. Be2 Nd7 18. Kd1 Nc5 19. Rxd8+ Rxd8+ 20. Kc2
Ne6 21. Re1 Re8 22. Bd3 Nd4+ 23. Kd2 Rxe1 24. Kxe1 Kf8 25. Be4 c6 26. Kd2 Ke7
27. Kc3 Ne6 28. g3 Kd6 29. f4 f5 30. Bd3 Kc5 31. h4 Nd4 32. Bf1 Ne6 33. Bd3 Ng7
34. Be2 Nh5 35. Bd1 Nf6 36. Bf3 a5 37. a4 h5 38. Kd3 Ne8 39. Be2 Nd6 40. f3 1-0

[Event "V Abierto Internacional Ayunta"]
[Site "?"]
[Date "2007.08.29"]
[Round "5.6"]
[White "Cebrian Ramos, Jose Luis"]
[Black "Llorente Zaro, Alfonso"]
[Result "0-1"]
[WhiteElo "2056"]
[BlackElo "2422"]
[PlyCount "84"]
[EventDate "2007.08.25"]

1. d4 d6 2. c4 e5 3. Nf3 e4 4. Ng5 Nf6 5. g3 h6 6. Nh3 c6 7. Bg2 Bf5 8. Qb3 Qd7
9. f3 d5 10. Nf2 dxc4 11. Qxc4 b5 12. Qb3 Qxd4 13. O-O Bc5 14. Nc3 Nbd7 15. Bf4
e3 16. Nh3 Qd2 17. Rac1 g5 18. Bc7 a5 19. g4 a4 20. Qd1 Be6 21. Rc2 Qxd1 22.
Rxd1 b4 23. Ne4 Nxe4 24. fxe4 Bxa2 25. e5 Bb3 26. Bxc6 Bxc2 27. Rxd7 O-O 28. e6
Ra6 29. exf7+ Kh7 30. Bd5 a3 31. bxa3 bxa3 32. Ba2 Ra7 33. Kf1 Kg6 34. Ng1 Rc8
35. Rd8 Raxc7 36. Rg8+ Kf6 37. Nf3 Rf8 38. h4 Rcxf7 39. hxg5+ Ke7 40. Rxf8 Kxf8
41. gxh6 Rxf3+ 42. exf3 Bd3+ 0-1

[Event "V Abierto Internacional Ayunta"]
[Site "?"]
[Date "2007.08.29"]
[Round "5.7"]
[White "Garcia Castro, Pablo"]
[Black "Senlle Caride, Miguel"]
[Result "1-0"]
[WhiteElo "2405"]
[BlackElo "2179"]
[PlyCount "46"]
[EventDate "2007.08.25"]

1. Nf3 Nf6 2. g3 g6 3. Bg2 Bg7 4. O-O O-O 5. d3 d5 6. c3 c6 7. Qc2 Re8 8. e4 e5
9. Nbd2 Nbd7 10. Re1 Qc7 11. b4 b6 12. Bb2 Bb7 13. a4 c5 14. exd5 cxb4 15. d6
Qxd6 16. Nc4 Qc7 17. cxb4 e4 18. Nd4 exd3 19. Qxd3 Rxe1+ 20. Rxe1 Bxg2 21. Kxg2
Rc8 22. Rc1 Qb7+ 23. f3 Qc6 1-0

[Event "V Abierto Internacional Ayunta"]
[Site "?"]
[Date "2007.08.29"]
[Round "5.8"]
[White "Fernandez Lago, David"]
[Black "Rivera, Daniel"]
[Result "1/2-1/2"]
[WhiteElo "2026"]
[BlackElo "2340"]
[PlyCount "26"]
[EventDate "2007.08.25"]

1. e4 e6 2. d4 d5 3. Nc3 Bb4 4. e5 Ne7 5. Qg4 c5 6. a3 Bxc3+ 7. bxc3 Qc7 8. Bd3
cxd4 9. Ne2 Nbc6 10. cxd4 Bd7 11. O-O O-O-O 12. a4 f6 13. f4 Nf5 1/2-1/2

[Event "V Abierto Internacional Ayunta"]
[Site "?"]
[Date "2007.08.29"]
[Round "5.9"]
[White "Samolins, Vitalijs"]
[Black "Santaclara Rodriguez, Ramon"]
[Result "1-0"]
[WhiteElo "2319"]
[BlackElo "2174"]
[PlyCount "69"]
[EventDate "2007.08.25"]

1. e4 c5 2. Nc3 Nc6 3. g3 g6 4. Bg2 Bg7 5. d3 d6 6. f4 e6 7. Nf3 Nge7 8. O-O
O-O 9. Be3 Nd4 10. e5 Nef5 11. Bf2 Nxf3+ 12. Qxf3 Nd4 13. Qd1 dxe5 14. fxe5
Bxe5 15. Ne4 f5 16. Nxc5 Qc7 17. b4 Bg7 18. Qd2 Rb8 19. c3 Nb5 20. c4 Nd4 21.
Rae1 b6 22. Nb3 Rd8 23. Nxd4 Bxd4 24. Bxd4 Rxd4 25. Bd5 exd5 26. Qe3 Qg7 27.
Qe8+ Qf8 28. Qe5 Rxd3 29. Qxb8 dxc4 30. Qc7 Qd8 31. Qxc4+ Kf8 32. Re5 Rd4 33.
Qe2 Bb7 34. Rfxf5+ gxf5 35. Rxf5+ 1-0

[Event "V Abierto Internacional Ayunta"]
[Site "?"]
[Date "2007.08.29"]
[Round "5.10"]
[White "Recuero Guerra, Javier"]
[Black "Montes Gutierrez, Ignacio"]
[Result "1/2-1/2"]
[WhiteElo "2312"]
[BlackElo "2084"]
[PlyCount "67"]
[EventDate "2007.08.25"]

1. b3 e5 2. Bb2 Nc6 3. e3 Nge7 4. Nf3 f6 5. d4 exd4 6. Nxd4 Nxd4 7. Bxd4 Nc6 8.
Bc4 Nxd4 9. Qxd4 Bd6 10. Qh4 f5 11. Qh3 Qf6 12. c3 Be7 13. O-O c6 14. a4 g6 15.
Ra2 d5 16. Bd3 Be6 17. Rc2 O-O-O 18. Nd2 g5 19. Qf3 Bd6 20. c4 Qe5 21. g3 Kb8
22. c5 Bc7 23. b4 f4 24. Nb3 fxe3 25. Qxe3 d4 26. Qxe5 Bxe5 27. Re2 Bxb3 28.
Rxe5 Bxa4 29. Rxg5 Rhe8 30. Rg7 Bb5 31. Rd1 a5 32. bxa5 Rc8 33. Rg4 Ba4 34. Rb1
1/2-1/2